skbl

Dr Suryya Kumar Bhuyan Library Web-OPAC
ডঃ সূৰ্য্য
কুমাৰ ভূঞা পুথিভঁৰাল ৱেব-অ'পেক

All Research Scholars are advised to clear the annual library fees to continue using Library Resources, Remote Access, Plagiarism Test and Library Clearance.

Cotton University Book Fair 2026

Fundamentals of Optics / (Record no. 21141)

MARC details
000 -LEADER
fixed length control field 00985nam a2200397Ia 4500
001 - CONTROL NUMBER
control field 21159
005 - DATE AND TIME OF LATEST TRANSACTION
control field 20240114000546.0
007 - PHYSICAL DESCRIPTION FIXED FIELD--GENERAL INFORMATION
fixed length control field ta
008 - FIXED-LENGTH DATA ELEMENTS--GENERAL INFORMATION
fixed length control field 090330s1957 a g b000 u 465 u
040 ## - CATALOGING SOURCE
Original cataloging agency Cotton College,Assam
041 ## - LANGUAGE CODE
Language code of text/sound track or separate title 465
082 ## - DEWEY DECIMAL CLASSIFICATION NUMBER
Classification number 535
Item number J 416 F
100 ## - MAIN ENTRY--PERSONAL NAME
Personal name Jenkins, Francis A..
245 #0 - TITLE STATEMENT
Title Fundamentals of Optics /
Statement of responsibility, etc. Francis A.Jenkins & Harvey E. White.
Medium Textual Documents
250 ## - EDITION STATEMENT
Edition statement /
260 ## - PUBLICATION, DISTRIBUTION, ETC.
Place of publication, distribution, etc. New York :
Name of publisher, distributor, etc. McGraw - Hill book company ,
Date of publication, distribution, etc. C1957.
300 ## - PHYSICAL DESCRIPTION
Extent vii,637p. :
Other physical details ill ;
Dimensions 22cm .
653 ## - INDEX TERM--UNCONTROLLED
Uncontrolled term T/G-Optics
653 ## - INDEX TERM--UNCONTROLLED
Uncontrolled term G-Physics
653 ## - INDEX TERM--UNCONTROLLED
Uncontrolled term T/PG-Physics
653 ## - INDEX TERM--UNCONTROLLED
Uncontrolled term T/G-Physics
653 ## - INDEX TERM--UNCONTROLLED
Uncontrolled term T/G-Physics
700 ## - ADDED ENTRY--PERSONAL NAME
Personal name White, Harvey E. .
700 ## - ADDED ENTRY--PERSONAL NAME
Personal name White , Harvey E. .
942 ## - ADDED ENTRY ELEMENTS (KOHA)
Source of classification or shelving scheme Dewey Decimal Classification
Koha item type Books
Holdings
Withdrawn status Lost status Damaged status Not for loan Collection Home library Current library Date acquired Coded location qualifier Total checkouts Full call number Barcode Date last seen Copy number Price effective from Koha item type
          Dr. Suryya Kumar Bhuyan Library Dr. Suryya Kumar Bhuyan Library 01/02/2012 00000   535 J 416 F 52567 14/01/2024 5 01/02/2012 Books
          Dr. Suryya Kumar Bhuyan Library Dr. Suryya Kumar Bhuyan Library 01/02/2012 00000   535 J 416 F 30967 14/01/2024 8 01/02/2012 Books
          Dr. Suryya Kumar Bhuyan Library Dr. Suryya Kumar Bhuyan Library 01/02/2012 00000   535 J 416 F 38764 14/01/2024 7 01/02/2012 Books
          Dr. Suryya Kumar Bhuyan Library Dr. Suryya Kumar Bhuyan Library 01/02/2012 00000   535 J 416 F 40265 14/01/2024 3 01/02/2012 Books
          Dr. Suryya Kumar Bhuyan Library Dr. Suryya Kumar Bhuyan Library 01/02/2012 00000   535 J 416 F 48219 14/01/2024 1 01/02/2012 Books
          Dr. Suryya Kumar Bhuyan Library Dr. Suryya Kumar Bhuyan Library 01/02/2012 00000   535 J 416 F 48220 14/01/2024 6 01/02/2012 Books
          Dr. Suryya Kumar Bhuyan Library Dr. Suryya Kumar Bhuyan Library 01/02/2012 00000   535 J 416 F 49686 14/01/2024 9 01/02/2012 Books
          Dr. Suryya Kumar Bhuyan Library Dr. Suryya Kumar Bhuyan Library 01/02/2012 00000   535 J 416 F 49695 14/01/2024 4 01/02/2012 Books
          Dr. Suryya Kumar Bhuyan Library Dr. Suryya Kumar Bhuyan Library 01/02/2012 00000   535 J 416 F 51540 14/01/2024 2 01/02/2012 Books

Designed and Maintained by Team SKBL
©1901-2026

Powered by Koha